Microprocessor 8085 and its interfacing / (Record no. 39036)

MARC details
000 -LEADER
fixed length control field 00793nam a22002297a 4500
005 - DATE AND TIME OF LATEST TRANSACTION
control field 20100803154733.0
010 ## - LCCN (DPL NO)
LC control number ENG-97857
020 ## - INTERNATIONAL STANDARD BOOK NUMBER
International Standard Book Number 9788120338746
Terms of availability 350.00
035 ## - SYSTEM CONTROL NUMBER
System control number EN-81390
037 ## - SOURCE OF ACQUISITION
Source of stock number/acquisition DBAD/PUB
082 ## - DEWEY DECIMAL CLASSIFICATION NUMBER
Classification number 004.165
100 ## - MAIN ENTRY--PERSONAL NAME
Personal name Mathur, Sunil
245 ## - TITLE STATEMENT
Title Microprocessor 8085 and its interfacing /
Statement of responsibility, etc by Sunil Mathur
260 ## - PUBLICATION, DISTRIBUTION, ETC. (IMPRINT)
Place of publication, distribution, etc New Delhi
Name of publisher, distributor, etc PHI Learning
Date of publication, distribution, etc 2010
270 ## - ADDRESS
Address M-97, Connaught Circus
City New Delhi
Postal code 110001
300 ## - PHYSICAL DESCRIPTION
Extent xxiii,640p.:
Other physical details ill.
Dimensions 24cm (pbk)
500 ## - GENERAL NOTE
General note Includes index
650 ## - SUBJECT ADDED ENTRY--TOPICAL TERM
Topical term or geographic name as entry element Motorola 8085
650 ## - SUBJECT ADDED ENTRY--TOPICAL TERM
Topical term or geographic name as entry element Microprocessor
942 ## - ADDED ENTRY ELEMENTS (KOHA)
Source of classification or shelving scheme Dewey Decimal Classification
Item type English Books
Classification part 004.165
Call number suffix MAT
Holdings
Withdrawn status Lost status Not for loan Collection code Home library Current library Date acquired Source of acquisition Cost, normal purchase price Full call number Barcode Copy number Cost, replacement price Koha item type
    Not For Loan Non-fiction D.B.Act.Division D.B.Act.Division 03/08/2010 DBAD/PUB 350.00 004.165 MAT EN-81390 1 350.00 English Books

© Delhi Public Library
Hit Counter
free hit counter